| 000 | 00953namaa2200313 a 4500 | ||
|---|---|---|---|
| 001 | vtls001305205 | ||
| 003 | NLI | ||
| 005 | 20210627043906.0 | ||
| 008 | 120418s1964 dcua b i001 0 eng | ||
| 039 | 9 |
_y201204181937 _zVLOAD |
|
| 040 | 0 |
_aNLI _cVTLS-2012_FOD _eAACR2 |
|
| 041 | 0 | _aeng | |
| 044 | _adcu | ||
| 082 | 0 | 4 | _a910.021954 |
| 110 | 1 |
_aUnited States. _bHeadquarters, Department of Army _9710326 |
|
| 245 | 1 | 0 | _aArea handbook for India |
| 260 |
_aWashington, D.C. : _bUnited States Department of Army, _c1964 |
||
| 300 |
_axiv, 802 p. : _bill. ; _c24 cm. |
||
| 440 | 0 |
_aDepartment of Army Pamphlet ; _vno.550-21 _9725529 |
|
| 500 | _aIncludes index | ||
| 650 | 0 |
_aIndia _xHistory |
|
| 650 | 0 |
_aIndia _xPolitics and government _9684872 |
|
| 651 | 1 |
_aIndia _9686598 |
|
| 887 | _a | ||
| 901 |
_aAD 31160 _b07.12.1965 |
||
| 902 | _aU.S 910.021954 Ar 31(1964) | ||
| 949 |
_AVIRTUAITEM _D10000 _X100 _6ADX000031160ENG |
||
| 942 |
_2ddc _cBKS |
||
| 999 |
_c596235 _d596235 |
||